[Event "Nordic Youth Chess Championship"]
[Site "?"]
[Date "2020.02.15"]
[Round "5.7"]
[White "Vitenberg, Noam Aviv"]
[Black "Melaa, Sondre"]
[Result "1/2-1/2"]
[BlackElo "2180"]
[WhiteElo "2276"]
[LiveChessVersion "1.4.8"]

1. d4 {[%clk 1:30:41]} d5 {[%clk 1:30:26]} 2. c4 {[%clk 1:30:42]} e6
{[%clk 1:30:35]} 3. Nf3 {[%clk 1:30:27]} Nf6 {[%clk 1:30:28]} 4. Nc3
{[%clk 1:30:40]} Be7 {[%clk 1:30:31]} 5. Bg5 {[%clk 1:30:48]} Nbd7
{[%clk 1:30:31]} 6. e3 {[%clk 1:28:05]} h6 {[%clk 1:30:44]} 7. Bf4
{[%clk 1:22:19]} dxc4 {[%clk 1:22:38]} 8. Bxc4 {[%clk 1:20:37]} a6
{[%clk 1:22:50]} 9. Bb3 {[%clk 1:07:40]} O-O {[%clk 1:16:34]} 10. O-O
{[%clk 1:06:35]} c5 {[%clk 1:12:40]} 11. d5 {[%clk 0:34:06]} exd5
{[%clk 1:11:22]} 12. Nxd5 {[%clk 0:31:49]} Nxd5 {[%clk 1:10:04]} 13. Qxd5
{[%clk 0:30:42]} Nf6 {[%clk 1:05:52]} 14. Qxd8 {[%clk 0:26:09]} Rxd8
{[%clk 1:04:26]} 15. Bc7 {[%clk 0:23:49]} Re8 {[%clk 1:00:34]} 16. Rfd1
{[%clk 0:18:59]} Be6 {[%clk 0:58:46]} 17. Bxe6 {[%clk 0:14:45]} fxe6
{[%clk 0:59:11]} 18. Ne5 {[%clk 0:14:32]} Rac8 {[%clk 0:57:43]} 19. Bd6
{[%clk 0:13:58]} Nd5 {[%clk 0:56:41]} 20. Bxe7 {[%clk 0:13:30]} Rxe7
{[%clk 0:57:03]} 21. e4 {[%clk 0:13:23]} Nf6 {[%clk 0:48:47]} 22. f3
{[%clk 0:13:39]} Ne8 {[%clk 0:49:06]} 23. Rac1 {[%clk 0:07:04]} Rec7
{[%clk 0:47:16]} 24. Rd2 {[%clk 0:06:29]} c4 {[%clk 0:44:40]} 25. Kf2
{[%clk 0:06:29]} b5 {[%clk 0:43:59]} 26. Ke3 {[%clk 0:05:27]} Kf8
{[%clk 0:40:50]} 27. Rcd1 {[%clk 0:05:19]} b4 {[%clk 0:28:00]} 28. Rd7
{[%clk 0:05:13]} Rxd7 {[%clk 0:28:21]} 29. Rxd7 {[%clk 0:05:06]} Nf6
{[%clk 0:28:33]} 30. Ng6+ {[%clk 0:03:57]} Ke8 {[%clk 0:28:08]} 31. Re7+
{[%clk 0:03:37]} Kd8 {[%clk 0:28:37]} 32. Kd2 {[%clk 0:03:41]} c3+
{[%clk 0:24:24]} 33. Kc2 {[%clk 0:03:07]} Rc5 {[%clk 0:22:20]} 34. Rxg7
{[%clk 0:02:24]} Ra5 {[%clk 0:21:18]} 35. Kb3 {[%clk 0:02:22]} Rxa2
{[%clk 0:17:32]} 36. bxc3 {[%clk 0:02:10]} Rxg2 {[%clk 0:17:46]} 37. Nf4
{[%clk 0:01:38]} Rxg7 {[%clk 0:12:38]} 38. Nxe6+ {[%clk 0:02:05]} Kd7
{[%clk 0:12:44]} 39. Nxg7 {[%clk 0:02:30]} bxc3 {[%clk 0:13:08]} 40. Kxc3
{[%clk 0:02:50]} Nh7 {[%clk 0:12:59]} 41. f4 {[%clk 0:01:14]} Nf6
{[%clk 0:13:11]} 42. Kd4 {[%clk 0:01:25]} a5 {[%clk 0:13:04]} 43. e5
{[%clk 0:01:40]} Ng4 {[%clk 0:13:10]} 44. h3 {[%clk 0:01:30]} Nf2
{[%clk 0:13:33]} 45. Kd5 {[%clk 0:00:54]} a4 {[%clk 0:11:25]} 46. e6+
{[%clk 0:01:00]} Ke7 {[%clk 0:11:36]} 47. Nf5+ {[%clk 0:01:03]} Ke8
{[%clk 0:11:32]} 48. Nd6+ {[%clk 0:00:39]} Ke7 {[%clk 0:10:26]} 49. Nc4
{[%clk 0:00:33]} Nxh3 {[%clk 0:09:51]} 50. f5 {[%clk 0:00:59]} Nf4+
{[%clk 0:09:13]} 51. Ke4 Nxe6 {[%clk 0:05:07]} 52. fxe6 {[%clk 0:01:04]} Kxe6
{[%clk 0:05:31]} 53. Kf4 {[%clk 0:01:27]} Kd5 {[%clk 0:05:51]} 54. Nb6+
{[%clk 0:01:54]} 1/2-1/2

[Event "Nordic Youth Chess Championship"]
[Site "?"]
[Date "2020.02.15"]
[Round "5.8"]
[White "Stefansson, Vignir Vatnar"]
[Black "Briem, Stephan"]
[Result "1-0"]
[BlackElo "2197"]
[WhiteElo "2323"]
[LiveChessVersion "1.4.8"]

1. Nf3 {[%clk 1:30:13]} Nf6 {[%clk 1:28:26]} 2. c4 {[%clk 1:30:28]} c6
{[%clk 1:25:53]} 3. d4 {[%clk 1:30:31]} d6 {[%clk 1:24:22]} 4. Nc3
{[%clk 1:30:26]} Nbd7 {[%clk 1:23:37]} 5. e4 {[%clk 1:30:47]} e5 {[%clk 1:23:04]}
6. Be2 {[%clk 1:30:47]} Be7 {[%clk 1:21:24]} 7. O-O {[%clk 1:31:07]} O-O
{[%clk 1:20:07]} 8. Qc2 {[%clk 1:29:26]} Re8 {[%clk 1:17:09]} 9. Rb1
{[%clk 1:29:09]} a5 {[%clk 1:12:14]} 10. b3 {[%clk 1:23:24]} Bf8 {[%clk 1:02:14]}
11. d5 {[%clk 1:14:46]} g6 {[%clk 0:53:05]} 12. Rd1 {[%clk 1:11:42]} Nh5
{[%clk 0:50:52]} 13. g3 {[%clk 1:08:18]} Ng7 {[%clk 0:47:59]} 14. Bh6
{[%clk 1:03:42]} Nc5 {[%clk 0:43:49]} 15. Be3 {[%clk 0:57:58]} Qc7
{[%clk 0:35:38]} 16. a3 {[%clk 0:54:43]} f5 {[%clk 0:32:52]} 17. Nd2
{[%clk 0:49:22]} Nxe4 {[%clk 0:31:13]} 18. Ndxe4 {[%clk 0:49:26]} fxe4
{[%clk 0:31:35]} 19. Nxe4 {[%clk 0:49:45]} Kh8 {[%clk 0:20:09]} 20. Nf6
{[%clk 0:39:56]} Rd8 {[%clk 0:17:37]} 21. Qd2 {[%clk 0:30:09]} Qf7
{[%clk 0:15:50]} 22. Ne4 {[%clk 0:30:07]} Bf5 {[%clk 0:14:00]} 23. f3
{[%clk 0:29:44]} c5 {[%clk 0:08:32]} 24. Ng5 {[%clk 0:27:40]} Qe8
{[%clk 0:06:59]} 25. Rb2 {[%clk 0:26:47]} Bd7 {[%clk 0:05:03]} 26. g4
{[%clk 0:26:22]} b5 {[%clk 0:03:48]} 27. Ne4 {[%clk 0:26:04]} bxc4
{[%clk 0:03:14]} 28. bxc4 {[%clk 0:26:21]} Ba4 {[%clk 0:01:54]} 29. Rdb1
{[%clk 0:26:42]} Rdb8 {[%clk 0:01:59]} 30. Rxb8 {[%clk 0:23:26]} Rxb8
{[%clk 0:02:28]} 31. Rxb8 {[%clk 0:23:44]} Qxb8 {[%clk 0:02:56]} 32. Qxa5
{[%clk 0:24:04]} Bc2 {[%clk 0:00:47]} 33. Ng5 {[%clk 0:16:25]} Be7
{[%clk 0:00:36]} 34. Qc3 {[%clk 0:12:47]} Qb1+ {[%clk 0:00:41]} 35. Kg2
{[%clk 0:13:09]} Qa2 {[%clk 0:00:39]} 36. Kg3 {[%clk 0:12:36]} h5
{[%clk 0:00:34]} 37. Bd3 {[%clk 0:12:19]} Bxd3 {[%clk 0:00:39]} 38. Qxd3
{[%clk 0:12:47]} Bxg5 {[%clk 0:00:58]} 39. Bxg5 {[%clk 0:13:16]} Kh7
{[%clk 0:01:13]} 40. Be7 {[%clk 0:12:50]} Qa1 {[%clk 0:01:12]} 41. Bxd6
{[%clk 0:12:25]} hxg4 {[%clk 0:01:18]} 42. fxg4 {[%clk 0:12:46]} Qe1+
{[%clk 0:00:38]} 43. Kg2 {[%clk 0:12:53]} e4 {[%clk 0:00:56]} 44. Bg3
{[%clk 0:12:16]} exd3 {[%clk 0:00:33]} 45. Bxe1 {[%clk 0:12:41]} Ne8
{[%clk 0:00:52]} 46. Kf3 {[%clk 0:12:39]} Nd6 {[%clk 0:01:15]} 47. Ke3
{[%clk 0:13:04]} Nxc4+ {[%clk 0:01:13]} 48. Kxd3 {[%clk 0:13:30]} Ne5+
{[%clk 0:00:37]} 49. Kc3 {[%clk 0:13:34]} Nxg4 {[%clk 0:00:35]} 1-0

[Event "Nordic Youth Chess Championship"]
[Site "?"]
[Date "2020.02.15"]
[Round "5.9"]
[White "Aalto, Patrik"]
[Black "Multanen, Jimi"]
[Result "1/2-1/2"]
[BlackElo "1701"]
[WhiteElo "2080"]
[LiveChessVersion "1.4.8"]

1. e4 {[%clk 1:30:51]} d5 {[%clk 1:30:52]} 2. exd5 {[%clk 1:31:15]} Qxd5
{[%clk 1:31:17]} 3. Nc3 {[%clk 1:31:37]} Qd8 {[%clk 1:31:42]} 4. d4
{[%clk 1:31:43]} Nf6 {[%clk 1:30:33]} 5. Nf3 {[%clk 1:31:23]} g6 {[%clk 1:30:46]}
6. Bc4 {[%clk 1:25:05]} Bg7 {[%clk 1:30:22]} 7. Be3 {[%clk 1:11:03]} a6
{[%clk 1:28:36]} 8. Ne5 {[%clk 1:08:54]} O-O {[%clk 1:26:44]} 9. Qf3
{[%clk 1:08:27]} c6 {[%clk 1:19:58]} 10. O-O-O {[%clk 0:54:28]} e6
{[%clk 1:05:05]} 11. Bg5 {[%clk 0:49:22]} h6 {[%clk 1:05:27]} 12. Bh4
{[%clk 0:49:30]} g5 {[%clk 1:05:55]} 13. Bg3 {[%clk 0:49:41]} b5 {[%clk 1:05:14]}
14. Bd3 {[%clk 0:40:28]} b4 {[%clk 0:58:48]} 15. Ne4 {[%clk 0:36:29]} Nh7
{[%clk 0:49:14]} 16. Nc5 {[%clk 0:20:25]} Qd5 {[%clk 0:46:16]} 17. Qxd5
{[%clk 0:19:34]} cxd5 {[%clk 0:43:32]} 18. h4 {[%clk 0:18:13]} f5
{[%clk 0:39:46]} 19. hxg5 {[%clk 0:16:46]} Nxg5 {[%clk 0:39:21]} 20. Ng6
{[%clk 0:08:59]} Re8 {[%clk 0:38:09]} 21. Bxb8 {[%clk 0:08:01]} Rxb8
{[%clk 0:38:37]} 22. Bxa6 {[%clk 0:08:06]} Bxa6 {[%clk 0:21:50]} 23. Nxa6
{[%clk 0:08:29]} Rb6 {[%clk 0:22:19]} 24. Nc5 {[%clk 0:08:31]} Ne4
{[%clk 0:14:33]} 25. Nxe4 {[%clk 0:07:38]} fxe4 {[%clk 0:14:48]} 26. Rh3
{[%clk 0:07:10]} Bf6 {[%clk 0:10:19]} 27. Rb3 {[%clk 0:05:38]} Rc8
{[%clk 0:08:43]} 28. Ne5 {[%clk 0:05:04]} Ra6 {[%clk 0:07:59]} 29. a3
{[%clk 0:04:52]} bxa3 {[%clk 0:07:51]} 30. Rxa3 {[%clk 0:04:51]} Rxa3
{[%clk 0:08:06]} 31. bxa3 {[%clk 0:05:19]} Be7 {[%clk 0:08:21]} 32. Kb2
{[%clk 0:04:56]} Rb8+ {[%clk 0:08:35]} 33. Ka2 {[%clk 0:05:01]} Ra8
{[%clk 0:08:44]} 1/2-1/2

[Event "Nordic Youth Chess Championship"]
[Site "?"]
[Date "2020.02.15"]
[Round "5.10"]
[White "Torngren, Gustav"]
[Black "Muntean, Victor"]
[Result "0-1"]
[BlackElo "1960"]
[WhiteElo "2279"]
[LiveChessVersion "1.4.8"]

1. d4 {[%clk 1:30:58]} d5 {[%clk 1:30:47]} 2. Nc3 {[%clk 1:31:14]} Bf5
{[%clk 1:30:31]} 3. Bf4 {[%clk 1:31:30]} c6 {[%clk 1:28:50]} 4. Qd2
{[%clk 1:24:26]} e6 {[%clk 1:26:36]} 5. f3 {[%clk 1:22:12]} Nf6 {[%clk 1:25:02]}
6. g4 {[%clk 1:22:20]} Bg6 {[%clk 1:25:27]} 7. h4 {[%clk 1:22:32]} h6
{[%clk 1:24:00]} 8. O-O-O {[%clk 1:12:14]} Bd6 {[%clk 1:19:05]} 9. Nh3
{[%clk 1:08:03]} b5 {[%clk 1:13:35]} 10. Nf2 {[%clk 1:02:48]} a5 {[%clk 1:06:55]}
11. h5 {[%clk 0:57:04]} Bh7 {[%clk 1:06:48]} 12. g5 {[%clk 0:41:33]} hxg5
{[%clk 0:55:35]} 13. Bxd6 {[%clk 0:41:53]} Qxd6 {[%clk 0:55:59]} 14. Qxg5
{[%clk 0:42:17]} b4 {[%clk 0:44:39]} 15. Na4 {[%clk 0:41:59]} Nbd7
{[%clk 0:44:52]} 16. h6 {[%clk 0:29:57]} gxh6 {[%clk 0:42:34]} 17. Rxh6
{[%clk 0:30:14]} Rg8 {[%clk 0:42:47]} 18. Qh4 {[%clk 0:30:21]} Bg6
{[%clk 0:42:05]} 19. e3 {[%clk 0:30:02]} c5 {[%clk 0:28:53]} 20. Bb5
{[%clk 0:17:40]} Rb8 {[%clk 0:26:12]} 21. dxc5 {[%clk 0:16:55]} Qe5
{[%clk 0:26:13]} 22. Bxd7+ {[%clk 0:15:03]} Nxd7 {[%clk 0:26:35]} 23. Qd4
{[%clk 0:15:08]} Rc8 {[%clk 0:25:15]} 24. Nd3 {[%clk 0:13:39]} Bxd3
{[%clk 0:25:31]} 25. Qxe5 {[%clk 0:09:25]} Nxe5 {[%clk 0:25:56]} 26. cxd3
{[%clk 0:09:53]} Nxf3 {[%clk 0:24:25]} 27. d4 {[%clk 0:09:14]} Ke7
{[%clk 0:24:46]} 28. Nb6 {[%clk 0:08:43]} Rcf8 {[%clk 0:21:40]} 29. Kc2
{[%clk 0:07:25]} Rg2+ {[%clk 0:21:17]} 30. Kb3 {[%clk 0:07:38]} Nd2+
{[%clk 0:18:20]} 31. Ka4 {[%clk 0:07:44]} Nc4 {[%clk 0:18:43]} 32. Kb5
{[%clk 0:04:47]} Rxb2 {[%clk 0:17:38]} 33. e4 {[%clk 0:03:17]} b3
{[%clk 0:14:47]} 34. axb3 {[%clk 0:02:30]} Rxb3+ {[%clk 0:15:06]} 35. Kc6
{[%clk 0:01:15]} Nxb6 {[%clk 0:15:15]} 36. cxb6 {[%clk 0:01:35]} Rb8
{[%clk 0:15:33]} 37. exd5 {[%clk 0:01:41]} R3xb6+ {[%clk 0:15:45]} 38. Kc5
{[%clk 0:00:37]} Rb5+ {[%clk 0:16:10]} 39. Kc6 {[%clk 0:01:04]} Rxd5
{[%clk 0:16:30]} 40. Rh7 {[%clk 0:01:07]} a4 {[%clk 0:15:31]} 41. Rd3
{[%clk 0:01:11]} Rb3 {[%clk 0:15:20]} 42. Rd1 {[%clk 0:01:06]} a3
{[%clk 0:15:38]} 43. Rf1 {[%clk 0:01:27]} Rf5 {[%clk 0:15:47]} 44. Rxf5
{[%clk 0:01:05]} exf5 {[%clk 0:16:13]} 45. Rh2 {[%clk 0:00:37]} Rb2
{[%clk 0:16:34]} 46. Rh3 {[%clk 0:00:58]} a2 {[%clk 0:16:50]} 47. Ra3
{[%clk 0:01:05]} f4 {[%clk 0:16:24]} 48. Ra7+ {[%clk 0:00:33]} Ke6
{[%clk 0:16:49]} 49. d5+ {[%clk 0:00:56]} Ke5 {[%clk 0:16:57]} 50. d6
{[%clk 0:00:53]} Rc2+ {[%clk 0:16:53]} 51. Kd7 {[%clk 0:00:56]} f3
{[%clk 0:15:51]} 52. Ke7 {[%clk 0:00:43]} f2 {[%clk 0:15:32]} 53. Ra5+
{[%clk 0:00:51]} Kf4 {[%clk 0:15:54]} 54. d7 {[%clk 0:00:54]} Rd2
{[%clk 0:15:07]} 55. Ra4+ {[%clk 0:00:56]} Kg5 {[%clk 0:15:29]} 56. Ra5+
{[%clk 0:01:14]} f5 {[%clk 0:15:53]} 57. Ke6 {[%clk 0:00:34]} f1=Q
{[%clk 0:16:07]} 58. Rxa2 {[%clk 0:00:53]} Qc4+ {[%clk 0:16:28]} 59. Ke5
{[%clk 0:01:14]} Qd5# {[%clk 0:16:54]} 0-1

[Event "Nordic Youth Chess Championship"]
[Site "?"]
[Date "2020.02.15"]
[Round "5.11"]
[White "Easwaralingam, Adesh"]
[Black "Fjallheim, Leif Reinert"]
[Result "1-0"]
[BlackElo "1996"]
[WhiteElo "2279"]
[LiveChessVersion "1.4.8"]

1. e4 {[%clk 1:30:55]} e5 {[%clk 1:29:35]} 2. Nf3 {[%clk 1:31:05]} Nc6
{[%clk 1:29:50]} 3. Bb5 {[%clk 1:31:03]} g6 {[%clk 1:29:29]} 4. O-O
{[%clk 1:29:52]} Bg7 {[%clk 1:29:44]} 5. c3 {[%clk 1:30:02]} a6 {[%clk 1:29:57]}
6. Ba4 {[%clk 1:30:25]} d6 {[%clk 1:30:11]} 7. Qe2 {[%clk 1:28:52]} Bd7
{[%clk 1:29:33]} 8. Rd1 {[%clk 1:27:35]} Nf6 {[%clk 1:25:03]} 9. d4
{[%clk 1:24:44]} Qe7 {[%clk 1:24:54]} 10. Bxc6 {[%clk 1:09:50]} Bxc6
{[%clk 1:23:59]} 11. d5 {[%clk 1:07:46]} Bd7 {[%clk 1:24:12]} 12. c4
{[%clk 1:07:55]} O-O {[%clk 1:20:59]} 13. Nc3 {[%clk 1:06:14]} c6
{[%clk 1:19:01]} 14. dxc6 {[%clk 1:05:33]} bxc6 {[%clk 1:18:54]} 15. c5
{[%clk 1:03:35]} dxc5 {[%clk 1:15:39]} 16. b3 {[%clk 1:02:40]} Rfd8
{[%clk 1:08:15]} 17. Ba3 {[%clk 1:00:27]} Bg4 {[%clk 1:07:16]} 18. Qe3
{[%clk 0:51:08]} Nd7 {[%clk 0:59:55]} 19. Na4 {[%clk 0:49:39]} f5
{[%clk 0:56:12]} 20. h3 {[%clk 0:45:56]} Bh5 {[%clk 0:50:26]} 21. Rac1
{[%clk 0:44:01]} fxe4 {[%clk 0:46:04]} 22. Qxe4 {[%clk 0:44:08]} Bh6
{[%clk 0:45:50]} 23. g4 {[%clk 0:36:14]} Bxc1 {[%clk 0:45:21]} 24. Rxc1
{[%clk 0:35:43]} Rf8 {[%clk 0:44:57]} 25. Nxc5 {[%clk 0:31:37]} Rf4
{[%clk 0:41:06]} 26. Qxc6 {[%clk 0:32:01]} Rd8 {[%clk 0:41:21]} 27. Ne6
{[%clk 0:21:45]} Qxa3 {[%clk 0:41:05]} 28. Nxf4 {[%clk 0:17:50]} exf4
{[%clk 0:40:14]} 29. Qe6+ {[%clk 0:18:07]} Kf8 {[%clk 0:38:48]} 30. Re1
{[%clk 0:17:13]} Bxg4 {[%clk 0:37:31]} 31. hxg4 {[%clk 0:16:15]} Qc5
{[%clk 0:37:21]} 32. Nd4 {[%clk 0:16:01]} Qg5 {[%clk 0:36:38]} 33. Qxd7
{[%clk 0:15:47]} 1-0

[Event "Nordic Youth Chess Championship"]
[Site "?"]
[Date "2020.02.15"]
[Round "5.12"]
[White "Tummasarson, Flovin M."]
[Black "Stage-Steffensen, Sander"]
[Result "0-1"]
[BlackElo "2105"]
[WhiteElo "1664"]
[LiveChessVersion "1.4.8"]

1. e4 {[%clk 1:30:47]} e5 {[%clk 1:30:54]} 2. Nf3 {[%clk 1:31:11]} Nc6
{[%clk 1:31:22]} 3. Bb5 {[%clk 1:31:31]} a6 {[%clk 1:31:23]} 4. Ba4
{[%clk 1:31:50]} Nf6 {[%clk 1:31:27]} 5. d3 {[%clk 1:31:50]} b5 {[%clk 1:31:35]}
6. Bb3 {[%clk 1:31:42]} Bc5 {[%clk 1:31:00]} 7. O-O {[%clk 1:31:12]} d6
{[%clk 1:31:05]} 8. c3 {[%clk 1:30:13]} O-O {[%clk 1:30:07]} 9. Re1
{[%clk 1:28:16]} Ba7 {[%clk 1:28:14]} 10. Nbd2 {[%clk 1:27:34]} Na5
{[%clk 1:27:51]} 11. Bc2 {[%clk 1:26:51]} Ng4 {[%clk 1:27:20]} 12. Re2
{[%clk 1:23:10]} f5 {[%clk 1:18:18]} 13. h3 {[%clk 1:14:38]} fxe4
{[%clk 1:17:01]} 14. dxe4 {[%clk 1:13:07]} Nf6 {[%clk 1:14:13]} 15. b4
{[%clk 1:09:16]} Nb7 {[%clk 1:11:33]} 16. Nf1 {[%clk 1:06:48]} Qe8
{[%clk 1:08:57]} 17. Be3 {[%clk 1:02:16]} Bxe3 {[%clk 1:05:04]} 18. Rxe3
{[%clk 0:59:30]} Kh8 {[%clk 1:00:06]} 19. a4 {[%clk 0:56:54]} Rb8
{[%clk 0:52:10]} 20. Ng3 {[%clk 0:55:30]} Nd8 {[%clk 0:50:29]} 21. Nh4
{[%clk 0:49:37]} Ne6 {[%clk 0:47:07]} 22. axb5 {[%clk 0:45:59]} axb5
{[%clk 0:47:21]} 23. Nhf5 {[%clk 0:43:22]} Qd8 {[%clk 0:45:32]} 24. Re1
{[%clk 0:40:10]} Nf4 {[%clk 0:38:07]} 25. Bb3 {[%clk 0:30:27]} Nxe4
{[%clk 0:33:00]} 26. Rxe4 {[%clk 0:27:04]} Bxf5 {[%clk 0:32:53]} 27. Nxf5
{[%clk 0:27:16]} Rxf5 {[%clk 0:33:03]} 28. Kh2 {[%clk 0:26:09]} d5
{[%clk 0:27:35]} 29. Re3 {[%clk 0:23:31]} c6 {[%clk 0:25:26]} 30. Bc2
{[%clk 0:19:12]} e4 {[%clk 0:19:12]} 31. Qd2 {[%clk 0:14:47]} Qc7
{[%clk 0:16:28]} 32. Kh1 {[%clk 0:12:20]} Rbf8 {[%clk 0:16:23]} 33. f3
{[%clk 0:08:55]} Nh5 {[%clk 0:14:32]} 34. Qd4 {[%clk 0:06:54]} R5f7
{[%clk 0:13:42]} 35. Kg1 {[%clk 0:05:32]} exf3 {[%clk 0:12:22]} 36. Qd3
{[%clk 0:04:44]} g6 {[%clk 0:11:24]} 37. Rf1 {[%clk 0:03:13]} Nf4
{[%clk 0:09:10]} 38. Qd1 {[%clk 0:01:51]} Nxh3+ {[%clk 0:08:53]} 0-1

[Event "Nordic Youth Chess Championship"]
[Site "?"]
[Date "2020.02.15"]
[Round "5.14"]
[White "Unneland, Mathias"]
[Black "Abdrlauf, Elham"]
[Result "0-1"]
[BlackElo "2381"]
[WhiteElo "2175"]
[LiveChessVersion "1.4.8"]

1. e4 {[%clk 1:30:56]} c6 {[%clk 1:30:48]} 2. Nf3 {[%clk 1:31:09]} d5
{[%clk 1:31:09]} 3. Nc3 {[%clk 1:31:29]} dxe4 {[%clk 1:31:31]} 4. Nxe4
{[%clk 1:31:47]} Nf6 {[%clk 1:31:58]} 5. Qe2 {[%clk 1:31:52]} Nxe4
{[%clk 1:32:18]} 6. Qxe4 {[%clk 1:32:13]} Qa5 {[%clk 1:32:44]} 7. b4
{[%clk 1:32:23]} Qf5 {[%clk 1:33:05]} 8. Qe3 {[%clk 1:32:06]} Qe6
{[%clk 1:31:14]} 9. Be2 {[%clk 1:32:28]} Qxe3 {[%clk 1:31:07]} 10. fxe3
{[%clk 1:32:50]} Bf5 {[%clk 1:31:35]} 11. c4 {[%clk 1:32:36]} e6 {[%clk 1:31:20]}
12. b5 {[%clk 1:32:42]} cxb5 {[%clk 1:30:28]} 13. cxb5 {[%clk 1:33:01]} Be7
{[%clk 1:30:45]} 14. Bb2 {[%clk 1:32:28]} O-O {[%clk 1:24:57]} 15. Rc1
{[%clk 1:31:58]} Nd7 {[%clk 1:14:13]} 16. Rc7 {[%clk 1:30:59]} Rfd8
{[%clk 1:14:42]} 17. Rxb7 {[%clk 1:11:02]} Bd6 {[%clk 1:15:11]} 18. Bd4
{[%clk 1:10:09]} e5 {[%clk 1:15:27]} 19. Bxa7 {[%clk 1:09:41]} Be4
{[%clk 1:15:07]} 20. Rxd7 {[%clk 1:09:23]} Rxd7 {[%clk 1:15:35]} 21. b6
{[%clk 1:09:13]} Rdxa7 {[%clk 1:15:27]} 22. bxa7 {[%clk 1:09:30]} Rxa7
{[%clk 1:15:55]} 23. O-O {[%clk 1:08:54]} Rxa2 {[%clk 1:15:28]} 24. Bc4
{[%clk 1:04:05]} Ra7 {[%clk 1:15:41]} 25. d3 {[%clk 1:02:29]} Bg6
{[%clk 1:12:37]} 26. e4 {[%clk 1:00:49]} Rc7 {[%clk 1:07:39]} 27. Nh4
{[%clk 0:51:29]} Bxe4 {[%clk 1:02:49]} 28. Bxf7+ {[%clk 0:51:37]} Rxf7
{[%clk 1:03:12]} 29. Rf2 Rf6 30. Rxf6 {[%clk 0:51:56]} Bc5+ {[%clk 1:03:39]} 31.
Rf7 {[%clk 0:43:43]} Bxg2+ {[%clk 1:03:53]} 32. Kxg2 {[%clk 0:44:05]} Kxf7
{[%clk 1:04:19]} 33. Kf3 {[%clk 0:44:15]} Kf6 {[%clk 1:04:29]} 34. Ke4
{[%clk 0:44:27]} Bd4 {[%clk 1:04:36]} 35. Nf3 {[%clk 0:44:00]} Bc3
{[%clk 1:04:49]} 36. h3 {[%clk 0:44:02]} g5 {[%clk 1:02:16]} 37. Nh2
{[%clk 0:40:26]} h5 {[%clk 1:00:38]} 38. Ke3 {[%clk 0:38:01]} Kf5
{[%clk 1:00:34]} 39. Kf3 {[%clk 0:37:40]} Bd2 {[%clk 0:59:34]} 40. Kf2
{[%clk 0:37:28]} g4 {[%clk 0:57:54]} 41. hxg4+ {[%clk 0:34:54]} hxg4
{[%clk 0:58:20]} 42. Kg2 {[%clk 0:34:53]} Bf4 {[%clk 0:58:42]} 43. Nf1
{[%clk 0:35:15]} Ke6 {[%clk 0:59:02]} 44. Kf2 {[%clk 0:35:30]} Kd5
{[%clk 0:59:12]} 0-1

[Event "Nordic Youth Chess Championship"]
[Site "?"]
[Date "2020.02.16"]
[Round "6.1"]
[White "Freyr Heimisson, Hilmir"]
[Black "Kristensen, Bjarke Hautop"]
[Result "1-0"]
[BlackElo "2227"]
[WhiteElo "2250"]
[LiveChessVersion "1.4.8"]

1. d4 {[%clk 1:30:53]} Nf6 {[%clk 1:30:51]} 2. Nf3 {[%clk 1:30:49]} g6
{[%clk 1:31:16]} 3. Bg5 {[%clk 1:31:14]} Bg7 {[%clk 1:31:38]} 4. e3
{[%clk 1:31:17]} O-O {[%clk 1:31:54]} 5. Be2 {[%clk 1:29:26]} d6 {[%clk 1:32:16]}
6. Nbd2 {[%clk 1:24:10]} Nbd7 {[%clk 1:32:10]} 7. O-O {[%clk 1:24:19]} e5
{[%clk 1:30:06]} 8. dxe5 {[%clk 1:21:26]} dxe5 {[%clk 1:30:30]} 9. c3
{[%clk 1:14:16]} Qe7 {[%clk 1:30:04]} 10. e4 {[%clk 1:11:46]} Nc5
{[%clk 1:17:41]} 11. Bh4 {[%clk 1:07:14]} Rd8 {[%clk 1:13:50]} 12. Qc2
{[%clk 1:06:49]} Bg4 {[%clk 1:13:32]} 13. Nc4 {[%clk 1:01:20]} Bxf3
{[%clk 1:07:03]} 14. Bxf3 {[%clk 1:01:37]} c6 {[%clk 0:48:42]} 15. b4
{[%clk 0:55:08]} Nd3 {[%clk 0:46:24]} 16. Rad1 {[%clk 0:48:00]} Nf4
{[%clk 0:46:32]} 17. Rxd8+ {[%clk 0:48:25]} Rxd8 {[%clk 0:46:57]} 18. Rd1
{[%clk 0:48:50]} Rxd1+ {[%clk 0:30:01]} 19. Qxd1 {[%clk 0:49:18]} h6
{[%clk 0:30:24]} 20. Bxf6 {[%clk 0:43:07]} Bxf6 {[%clk 0:30:43]} 21. Qd6
{[%clk 0:43:26]} Kg7 {[%clk 0:28:45]} 22. Qxe7 {[%clk 0:32:28]} Bxe7
{[%clk 0:29:14]} 23. Na5 {[%clk 0:32:51]} c5 {[%clk 0:29:36]} 24. b5
{[%clk 0:33:21]} a6 {[%clk 0:29:50]} 25. a4 {[%clk 0:33:42]} axb5
{[%clk 0:30:05]} 26. axb5 {[%clk 0:34:10]} b6 {[%clk 0:30:26]} 27. Nc4
{[%clk 0:34:37]} Bd8 {[%clk 0:29:26]} 28. Nxe5 {[%clk 0:32:09]} Bc7
{[%clk 0:25:00]} 29. Nc4 {[%clk 0:31:54]} Kf6 {[%clk 0:23:56]} 30. g3
{[%clk 0:28:19]} Ne6 {[%clk 0:19:50]} 31. Kf1 {[%clk 0:24:54]} Ng5
{[%clk 0:17:47]} 32. Bg2 {[%clk 0:25:08]} Ke7 {[%clk 0:17:42]} 33. Ke2
{[%clk 0:24:43]} f6 {[%clk 0:17:20]} 34. Ne3 {[%clk 0:22:09]} Bd8
{[%clk 0:17:36]} 35. Nd5+ {[%clk 0:22:01]} Kd6 {[%clk 0:17:52]} 36. Ke3
{[%clk 0:18:20]} Ne6 {[%clk 0:17:19]} 37. Bf1 {[%clk 0:16:44]} g5
{[%clk 0:12:51]} 38. Kf3 {[%clk 0:13:43]} f5 {[%clk 0:12:32]} 39. h3
{[%clk 0:04:55]} Ke5 {[%clk 0:12:15]} 40. exf5 {[%clk 0:04:11]} Kxd5
{[%clk 0:11:07]} 41. fxe6 {[%clk 0:04:36]} Kxe6 {[%clk 0:11:31]} 42. c4
{[%clk 0:04:37]} h5 {[%clk 0:08:27]} 43. Ke4 {[%clk 0:04:21]} h4 {[%clk 0:08:49]}
44. Be2 {[%clk 0:04:30]} hxg3 {[%clk 0:05:47]} 45. fxg3 {[%clk 0:04:54]} Kf6
{[%clk 0:06:05]} 46. Kd5 {[%clk 0:04:40]} Bc7 {[%clk 0:06:17]} 47. Kc6
{[%clk 0:04:21]} Bd8 {[%clk 0:06:03]} 48. Kd7 {[%clk 0:04:47]} Be7
{[%clk 0:06:31]} 49. Kc7 {[%clk 0:05:11]} 1-0